Dirección de marketing y ventas : dirección y técnica de ventas /

Obra multimedia en que se explican los temas generales de la mercadotecnia y las ventas. Además del material audiovisual, la obra comprende tres volúmenes impresos y un disco compacto (localizados en el Acervo General de la Biblioteca).

Zapisane w:
Opis bibliograficzny
1. autor: Delgado, Manuel (realización)
Kolejni autorzy: Pujol Bengoechea, Bruno (guión) (guión), López Santos, Daniel (fotógrafo) (fotógrafo), Cañete, Germán (fotógrafo) (fotógrafo), Fernández, Miguel A. (fotógrafo) (fotógrafo)
Format: Diapozytyw
Język:hiszpański
Wydane: Madrid, España : Cultural, 1998, c1998
Hasła przedmiotowe:
Etykiety: Dodaj etykietę
Nie ma etykietki, Dołącz pierwszą etykiete!

MARC

LEADER 00000ngm^a2200000^a^4500
001 000096223
005 20250521000000.0
009 20260310092936.115
037 |a Acervo ITESO - Biblioteca 
041 |a ESP 
082 |a 658. 8  |b DIR V. 5 
100 |a Delgado, Manuel  |e (realización) 
240 1 1 |a [Dirección de marketing y ventas] 
245 1 0 |a Dirección de marketing y ventas :  |b dirección y técnica de ventas /  |c M. Delgado. 
264 4 |a Madrid, España :  |b Cultural,  |c 1998, c1998 
300 |a 1 videocasete VHS  |c (39 min.) 
336 |a imagen móvil bidimensional  |b tdi  |2 rdacontenido 
337 |a video  |b v  |2 rdamedio 
338 |a videocasete  |b vf  |2 rdasoporte 
520 |a Obra multimedia en que se explican los temas generales de la mercadotecnia y las ventas. Además del material audiovisual, la obra comprende tres volúmenes impresos y un disco compacto (localizados en el Acervo General de la Biblioteca). 
649 |a XX 
650 |a Mercadotecnia de Servicios 
650 |a Mercadotecnia 
650 |a Investigación de Mercado 
650 |a Estrategia Mercadotécnica 
650 |a Mezcla de Mercadotecnia 
650 |a Ventas 
650 |a Ciencias Administrativas 
700 |a Pujol Bengoechea, Bruno  |e (guión) 
700 |a López Santos, Daniel  |e (fotógrafo) 
700 |a Cañete, Germán  |e (fotógrafo) 
700 |a Fernández, Miguel A.  |e (fotógrafo) 
910 |a Fondo General 
920 |a Audiovisuales - Videocasetes 
905 |a 301 
901 |a 0500026785  |b IT2  |c VIS  |u 20250521 
902 |a https://opac.biblio.iteso.mx/vufind/Record/000096223